Sludge Metal Bands - Statistics

General Stats
  • This quiz has been taken 92 times
  • The average score is 11 of 25
Answer Stats
Album Band % Correct
When the Kite String Pops Acid Bath
89%
Take As Needed For Pain Eyehategod
88%
Houdini Melvins
79%
Sonic Excess In Its Purest Form Crowbar
76%
Blood Mountain Mastodon
63%
Human = Garbage Dystopia
60%
Through Silver In Blood Neurosis
58%
Streetcleaner Godflesh
57%
Come to Grief Grief
50%
Blessed Black Wings High On Fire
46%
Sewn Mouth Secrets Soilent Green
44%
Panopticon ISIS
39%
God's Country Chat Pile
38%
Caustic Primitive Man
36%
God Luck and Good Speed Weedeater
36%
Somewhere Along the Highway Cult of Luna
31%
Heathen Thou
31%
Satan Worshipping Doom Bongripper
29%
Red Album Baroness
28%
Static Tensions Kylesa
22%
Mass VI Amenra
21%
Gateway Bongzilla
21%
The Galilean Satellites Rosetta
13%
Pelagial The Ocean
8%
Snailking Ufomammut
7%
No matching quizzes found
Score Distribution
Percent of People with Each Score
Percentile by Number Answered
Your Score History
You have not taken this quiz